000 00296nam a22001337a 4500
008 170213b xxu||||| |||| 00| 0 eng d
020 _a093059990X
041 _aeng
080 _a61
100 _a4
101 _aSHM
245 _aUNDERSTANDING LANGUAGE DISORDERS
_cRATNER, V.L
942 _2udc
_cBK
999 _c5267
_d5267